Dictionnaire géographique-historique de l'Empire de Russie ... // Dictionnaire géographique-historique de l'Empire de Russie . - T. 1 (Запись № 10405185)
[ простой вид ]
| 000 -МАРКЕР | |
|---|---|
| контрольное поле | 01292nam1a22003011 4500 |
| 001 - ИДЕНТИФИКАТОР ЗАПИСИ | |
| контрольное поле | RU\NLR\KADK\56985 |
| 005 - ИДЕНТИФИКАТОР ВЕРСИИ | |
| контрольное поле | 20251214183116.0 |
| 035 ## - ДРУГИЕ СИСТЕМНЫЕ НОМЕРА | |
| Идентификатор записи | (NLR Aleph) 009866712 |
| 100 ## - ДАННЫЕ ОБЩЕЙ ОБРАБОТКИ | |
| Данные общей обработки | 20011211d1813 u y0rusy50 ca |
| 101 0# - ЯЗЫК РЕСУРСА | |
| Язык текста, звукозаписи и т.д. | французский |
| 102 ## - СТРАНА ПУБЛИКАЦИИ ИЛИ ПРОИЗВОДСТВА | |
| Страна публикации | российская федерация |
| 200 1# - ЗАГЛАВИЕ И СВЕДЕНИЯ ОБ ОТВЕТСТВЕННОСТИ | |
| Основное заглавие | Dictionnaire géographique-historique de l'Empire de Russie ... |
| Первые сведения об ответственности | Par N.S. Vsévolojsky ... |
| 210 ## - ПУБЛИКАЦИЯ, РАСПРОСТРАНЕНИЕ И ДР. | |
| Место издания, распространения и т.д. | Moscou [Moskva] |
| Имя издателя, распространителя и т. д. | De l'imprimerie de l'auteur |
| Дата издания, распространения и т.д. | 1813 |
| 215 ## - ФИЗИЧЕСКАЯ ХАРАКТЕРИСТИКА | |
| Размеры | 8°(22 см) |
| 316 ## - ПРИМЕЧАНИЯ ОБ ОСОБЕННОСТЯХ ЭКЗЕМПЛЯРА | |
| Текст примечания | T. 1-2 сплет. в одном пер. |
| Организация и экземпляр, к которому относится поле | Рэ ШК / V-985 Q |
| 317 ## - ПРИМЕЧАНИЯ О ПРОИСХОЖДЕНИИ ЭКЗЕМПЛЯРА | |
| Текст примечания | С наклейкой Б-ки 1-го Кадет. корп. и штампом Лен. Воен. б-ки |
| Организация и экземпляр, к которому относится поле | Рэ ШК / V-985 Q |
| 463 #0 - УРОВЕНЬ ФИЗИЧЕСКОЙ ЕДИНИЦЫ | |
| Встроенное поле | 001RU\NLR\KADK\56986 |
| Системный номер (АБИС) связанной записи | 13488179 |
| Физическая характеристика | XVI, 297 с. |
| Заглавие | Dictionnaire géographique-historique de l'Empire de Russie . - T. 1 |
| 463 #0 - УРОВЕНЬ ФИЗИЧЕСКОЙ ЕДИНИЦЫ | |
| Встроенное поле | 001RU\NLR\KADK\56987 |
| Системный номер (АБИС) связанной записи | 13488180 |
| Физическая характеристика | [4], 360 с. |
| Заглавие | Dictionnaire géographique-historique de l'Empire de Russie . - T. 2 |
| 620 ## - МЕСТО И ДАТА ПУБЛИКАЦИИ, ИСПОЛНЕНИЯ И Т. Д. | |
| Город | Moskva |
| 700 #1 - ИМЯ ЛИЦА - ПЕРВИЧНАЯ ОТВЕТСТВЕННОСТЬ | |
| Связь между полями | z01790 |
| -- | 610 |
| Начальный элемент ввода | Vsevoložskij |
| Часть имени, кроме начального элемента ввода | N.S. |
| Даты | 1772-1857 |
| Расширение инициалов личного имени | Nikolaj Sergeevič |
| Код отношения | Автор |
| 790 #1 - ИМЯ ЛИЦА - АЛЬТЕРНАТИВНАЯ ФОРМА | |
| Связь между полями | z01700 |
| -- | 610 |
| Начальный элемент ввода | Vsévolojsky |
| Часть имени, кроме начального элемента ввода | N.S. |
| Код отношения | Автор |
| 801 #0 - ИСТОЧНИК ЗАПИСИ | |
| Страна | российская федерация |
| Организация | NLR |
| Дата составления | 20011211 |
| 852 ## - МЕСТОНАХОЖДЕНИЕ И ШИФР ХРАНЕНИЯ | |
| Идентификатор организации | NLR |
| Наименование фонда или коллекции (Sub-Location Identifier) | Б-ка 1-го Кадет. Корп. |
| Шифр хранения (Call Number) | Рэ ШК / V-985 Q |
| 942 ## - ДОПОЛНИТЕЛЬНЫЕ ЭЛЕМЕНТЫ ЗАПИСИ (АБИС) | |
| Тип экземпляра АБИС | Книга |
| 980 ## - КОЛЛЕКЦИЯ | |
| Название коллекции | Национальная библиография |
| 980 ## - КОЛЛЕКЦИЯ | |
| Название коллекции | Библиотека 1-го Кадетского корпуса |
Нет доступных экземпляров.